000 00707nam a2200241Ia 4500
003 OSt
005 20221005115243.0
006 a|||||r|||| 00| 0
007 ta
008 221004b |||||||| |||| 00| 0 eng d
024 _a30801
037 _cTextual
040 _aCRL
_cCRL
_beng
041 _2eng
_aeng
082 _a153:12:N5, K6-;2 BB
110 _aIndia information and broadcasting (Ministry of -),Films division
_9627331
245 0 _aCatalogue 1949-1966
260 _c1966
650 _aBIBLIOGRAPHY
700 _aIndia information and broadcasting (Ministry of -),Films division
_9627332
942 _h153:12:N5, K6-;2 BB
_cTEXL
_2cc
999 _c1033938
_d1033938